KOHA-Header-6

Introduction to Algorithms In Pascal (Record no. 6684)

000 -LEADER
fixed length control field 00260nam a2200109Ia 4500
100 ## - MAIN ENTRY--AUTHOR NAME
Personal name Parsons
245 #0 - TITLE STATEMENT
Title Introduction to Algorithms In Pascal
260 ## - PUBLICATION, DISTRIBUTION, ETC. (IMPRINT)
Place of publication New York
Name of publisher CRC
Year of publication 1995
300 ## - PHYSICAL DESCRIPTION
Number of Pages 447
942 ## - ADDED ENTRY ELEMENTS (KOHA)
Koha item type Books
Holdings
Withdrawn status Lost status Collection code Permanent Location Current Location Shelving location Date acquired Full call number Accession Number Koha item type
    Computer Science MAJU MAJU Shelf No.B23 2019-09-11 005.133 86 Computer Science

Powered by Koha